[Event "Bayern-chTT (RL Nord-West)"]
[Site "Bayern 2008/09"]
[Date "2009.01.18"]
[Round "5.6"]
[White "Schultes, Dieter"]
[Black "Posske, Thore"]
[Result "0-1"]
[WhiteElo "1876"]
[BlackElo "1939"]
[PlyCount "114"]
[EventDate "2009.03.??"]
[EventType "team-tourn"]
[EventRounds "9"]
[WhiteTeam "Nordhalben 1"]
[BlackTeam "Würzburg 2"]

1. c4 e5 2. g3 Nf6 3. Bg2 Nc6 4. Nc3 Bb4 5. a3 Bxc3 6. bxc3 d6 7. Nf3 O-O 8.
O-O Re8 9. d3 Qe7 10. e4 Bg4 11. Be3 b6 12. Qc2 Na5 13. h3 Bd7 14. Nh4 c6 15.
Nf5 Qe6 16. g4 d5 17. cxd5 cxd5 18. Bg5 dxe4 19. Bxf6 Qxf6 20. Bxe4 Bc6 21.
Rfe1 Bxe4 22. Rxe4 Nb7 23. Rae1 Nc5 24. R4e3 g6 25. Nd4 Re7 26. Nf3 Rae8 27.
Qe2 e4 28. dxe4 Rxe4 29. Qd2 Rxe3 30. Rxe3 Rxe3 31. Qxe3 Qc6 32. Nd4 Qe4 33.
Qg3 Nd3 34. Nb5 Nf4 35. Kh2 a6 36. Nd6 Qe5 37. Nc4 Qc7 38. Nxb6 g5 39. Na4 Qa5
40. Nb2 Qxa3 41. Nc4 Qc5 42. Nd2 Qd5 43. Nf1 a5 44. Ne3 Qe4 45. Nf5 a4 46. Nd4
a3 47. Nb3 a2 48. c4 Qxc4 49. h4 h6 50. hxg5 hxg5 51. Qe3 Qxb3 52. Qxb3 a1=Q
53. Kg3 Qg1+ 54. Kf3 Qg2+ 55. Ke3 Qh3+ 56. f3 Qh6 57. Qb2 Qb6+ 0-1

[Event "Bayern-chTT (RL Nord-West)"]
[Site "Bayern 2008/09"]
[Date "2009.01.18"]
[Round "5.7"]
[White "Bachmann, Wolfgang"]
[Black "Zimmermann, Frank(61)"]
[Result "1-0"]
[WhiteElo "1903"]
[BlackElo "1764"]
[PlyCount "67"]
[EventDate "2009.03.??"]
[EventType "team-tourn"]
[EventRounds "9"]
[WhiteTeam "Würzburg 2"]
[BlackTeam "Nordhalben 1"]

1. d4 d5 2. Nf3 Nf6 3. Bg5 e6 4. e3 a6 5. Bd3 c5 6. c3 c4 7. Bc2 Nbd7 8. Nbd2
Qc7 9. a4 Bd6 10. O-O Rb8 11. Qe2 Ng4 12. h3 Nh2 13. Rfe1 h6 14. Bf4 Nxf3+ 15.
Qxf3 f5 16. Qh5+ Kd8 17. Bxd6 Qxd6 18. Nf3 b6 19. Ng5 hxg5 20. Qxh8+ Qf8 21.
Qxf8+ Nxf8 22. f3 Bd7 23. e4 Kc7 24. exd5 exd5 25. Re7 g6 26. Rae1 Kd6 27. Rg7
Re8 28. Rxe8 Bxe8 29. Ra7 Nd7 30. Rxa6 Kc7 31. Ra8 Nb8 32. Ra7+ Kd6 33. Rg7 Nd7
34. g4 1-0

[Event "Bayern-chTT (RL Nord-West)"]
[Site "Bayern 2008/09"]
[Date "2009.01.18"]
[Round "5.8"]
[White "Stumpf, Hilmar"]
[Black "Reitz, Helmut(55)"]
[Result "1/2-1/2"]
[WhiteElo "1866"]
[BlackElo "1859"]
[PlyCount "68"]
[EventDate "2009.03.??"]
[EventType "team-tourn"]
[EventRounds "9"]
[WhiteTeam "Nordhalben 1"]
[BlackTeam "Würzburg 2"]

1. d4 Nf6 2. c4 e5 3. e3 exd4 4. exd4 d5 5. c5 Be7 6. Be2 b6 7. b4 O-O 8. a3
Bf5 9. Nf3 a5 10. Bb2 Re8 11. O-O axb4 12. cxb6 Bxb1 13. Qxb1 cxb6 14. Bb5 Nbd7
15. a4 Bd6 16. Bc1 Ne4 17. Qb3 Nc3 18. Bc6 Ra5 19. Bd2 Qc7 20. Bxd7 Ne2+ 21.
Kh1 Qxd7 22. Bxb4 Bxb4 23. Qxb4 Nf4 24. Rfe1 Raa8 25. Qb5 Qxb5 26. axb5 Rxe1+
27. Rxe1 Kf8 28. Ne5 Ne6 29. Nd7+ Ke7 30. Nxb6 Rb8 31. Nxd5+ Kd6 32. Nc3 Nxd4
33. g3 h6 34. Kg2 Nxb5 1/2-1/2

[Event "Bayern-chTT (RL Nord-West)"]
[Site "Bayern 2008/09"]
[Date "2009.01.18"]
[Round "5.1"]
[White "Schwalbe, Gerhard"]
[Black "Weigand, Hans-Christian"]
[Result "1/2-1/2"]
[WhiteElo "2032"]
[BlackElo "2001"]
[PlyCount "39"]
[EventDate "2009.03.??"]
[EventType "team-tourn"]
[EventRounds "9"]
[WhiteTeam "Bamberg-SC 2"]
[BlackTeam "Kronach 1"]

1. e4 e6 2. Qe2 c5 3. Nf3 Nc6 4. g3 b6 5. Bg2 Bb7 6. O-O Be7 7. Rd1 Qc7 8. Nc3
Rd8 9. d4 Nxd4 10. Nxd4 cxd4 11. Nb5 Qb8 12. Nxd4 h5 13. h4 Nf6 14. a4 Qa8 15.
Nb5 Rc8 16. Bf4 Bxe4 17. Nc7+ Rxc7 18. Bxe4 Nxe4 19. Bxc7 Bc5 20. Kh2 1/2-1/2

[Event "Bayern-chTT (RL Nord-West)"]
[Site "Bayern 2008/09"]
[Date "2009.01.18"]
[Round "5.2"]
[White "Stauch, Edgar"]
[Black "Saring, Christoph Dr"]
[Result "1/2-1/2"]
[WhiteElo "2090"]
[BlackElo "2005"]
[PlyCount "21"]
[EventDate "2009.03.??"]
[EventType "team-tourn"]
[EventRounds "9"]
[WhiteTeam "Kronach 1"]
[BlackTeam "Bamberg-SC 2"]

1. d4 d5 2. c4 Nf6 3. Nc3 e6 4. cxd5 exd5 5. Bg5 Be7 6. e3 O-O 7. Qc2 h6 8. Bh4
c6 9. Bd3 Nh5 10. Bxe7 Qxe7 11. Nge2 1/2-1/2

[Event "Bayern-chTT (RL Nord-West)"]
[Site "Bayern 2008/09"]
[Date "2009.01.18"]
[Round "5.3"]
[White "Bucka, Reinhard"]
[Black "Herdin, Hans-Ulrich"]
[Result "1/2-1/2"]
[WhiteElo "1971"]
[BlackElo "2050"]
[PlyCount "38"]
[EventDate "2009.03.??"]
[EventType "team-tourn"]
[EventRounds "9"]
[WhiteTeam "Bamberg-SC 2"]
[BlackTeam "Kronach 1"]

1. c4 e5 2. g3 Nf6 3. Bg2 d5 4. cxd5 Nxd5 5. Nc3 Be6 6. Nf3 Nc6 7. O-O Be7 8.
d4 exd4 9. Nxd4 Nxd4 10. Qxd4 Nxc3 11. Qxc3 Bf6 12. Qb4 Rb8 13. Bxb7 Qd7 14.
Qe4 O-O 15. Bc6 Qd4 16. Rb1 Qxe4 17. Bxe4 Bxa2 18. Ra1 Bc4 19. Rxa7 Bxb2
1/2-1/2

[Event "Bayern-chTT (RL Nord-West)"]
[Site "Bayern 2008/09"]
[Date "2009.01.18"]
[Round "5.4"]
[White "Lechleitner, Walter"]
[Black "Weinberg, Wladimir"]
[Result "1/2-1/2"]
[WhiteElo "2002"]
[BlackElo "1923"]
[PlyCount "80"]
[EventDate "2009.03.??"]
[EventType "team-tourn"]
[EventRounds "9"]
[WhiteTeam "Kronach 1"]
[BlackTeam "Bamberg-SC 2"]

1. d4 Nf6 2. c4 g6 3. Nc3 Bg7 4. e4 d6 5. Be2 O-O 6. Bg5 a6 7. Qd2 c6 8. a4 a5
9. h3 Nbd7 10. Nf3 Qc7 11. O-O e5 12. dxe5 dxe5 13. Be3 Re8 14. Rfd1 Nf8 15.
Qd6 Qxd6 16. Rxd6 Nh5 17. Rad1 Ne6 18. g3 Bf8 19. R6d2 Bc5 20. Bxc5 Nxc5 21.
Rd8 Bxh3 22. Rxa8 Rxa8 23. Nxe5 Nf6 24. f3 Re8 25. Nd3 Nxd3 26. Rxd3 Be6 27.
Rd4 Nd7 28. f4 f6 29. g4 Nc5 30. Bd1 Kf7 31. Kf2 Bc8 32. Kf3 Ne6 33. Rd6 Nc5
34. Bc2 Kg7 35. Nd1 Kf7 36. Nf2 Ke7 37. Rd1 Rd8 38. Nd3 Nxd3 39. Bxd3 Be6 40.
b3 c5 1/2-1/2

[Event "Bayern-chTT (RL Nord-West)"]
[Site "Bayern 2008/09"]
[Date "2009.01.18"]
[Round "5.5"]
[White "Stich, Christopher"]
[Black "Becker, Alexander(63)"]
[Result "1/2-1/2"]
[WhiteElo "1951"]
[BlackElo "1992"]
[PlyCount "66"]
[EventDate "2009.03.??"]
[EventType "team-tourn"]
[EventRounds "9"]
[WhiteTeam "Bamberg-SC 2"]
[BlackTeam "Kronach 1"]

1. e4 c5 2. Nf3 e6 3. d4 cxd4 4. Nxd4 a6 5. Be2 Qc7 6. Bg5 Nc6 7. Nf3 b6 8. O-O
Bb7 9. Re1 Nge7 10. c4 Ng6 11. Nc3 Nce5 12. Qb3 Rb8 13. Nxe5 Nxe5 14. f4 Bc5+
15. Kh1 h6 16. Bh4 Ng6 17. Bg3 Nxf4 18. Rad1 g5 19. Bxf4 gxf4 20. Bf3 Bc6 21.
a4 Be3 22. Rd3 Qb7 23. Red1 Rd8 24. Rd6 Bc5 25. R6d2 h5 26. Qc2 h4 27. h3 Rg8
28. b3 Be3 29. Re2 Ke7 30. Nd5+ Bxd5 31. exd5 Qc8 32. d6+ Kf6 33. Qc3+ Kg6
1/2-1/2

[Event "Bayern-chTT (RL Nord-West)"]
[Site "Bayern 2008/09"]
[Date "2009.01.18"]
[Round "5.6"]
[White "Hoermann, Fabian"]
[Black "Ortlauf, Erwin"]
[Result "1-0"]
[WhiteElo "1902"]
[BlackElo "1910"]
[PlyCount "105"]
[EventDate "2009.03.??"]
[EventType "team-tourn"]
[EventRounds "9"]
[WhiteTeam "Kronach 1"]
[BlackTeam "Bamberg-SC 2"]

1. e4 c6 2. Nc3 d5 3. Nf3 dxe4 4. Nxe4 Bf5 5. Ng3 Bg6 6. h4 h6 7. Ne5 Bh7 8.
Qh5 g6 9. Bc4 e6 10. Qe2 Qe7 11. d4 Bg7 12. c3 Nf6 13. f4 Nbd7 14. h5 Nxh5 15.
Nxh5 gxh5 16. Qxh5 Nxe5 17. fxe5 Bg6 18. Qf3 O-O-O 19. Bf4 h5 20. Qe3 Rdg8 21.
O-O-O Kb8 22. Be2 Qd8 23. c4 Qa5 24. Qb3 Bh6 25. Bxh6 Rxh6 26. Bf3 Qb6 27. Qxb6
axb6 28. Rh4 Rgh8 29. Rdh1 R6h7 30. Kd2 Kc7 31. Ke3 Kd7 32. Be4 Ke7 33. g4 Kf8
34. gxh5 Rxh5 35. Rxh5 Rxh5 36. Rxh5 Bxh5 37. d5 f5 38. dxc6 bxc6 39. Bxc6 Be8
40. Bxe8 Kxe8 41. a4 Kd7 42. b4 Kc6 43. a5 bxa5 44. bxa5 Kc5 45. Kd3 Kc6 46.
Kd4 Kb7 47. c5 Kc6 48. a6 Kc7 49. Kc3 Kc6 50. Kc4 Kc7 51. Kb5 Kb8 52. c6 Ka7
53. c7 1-0

[Event "Bayern-chTT (RL Nord-West)"]
[Site "Bayern 2008/09"]
[Date "2009.01.18"]
[Round "5.7"]
[White "Kuhlemann, Alexander"]
[Black "Horther, Heinrich"]
[Result "1/2-1/2"]
[WhiteElo "1795"]
[BlackElo "1991"]
[PlyCount "61"]
[EventDate "2009.03.??"]
[EventType "team-tourn"]
[EventRounds "9"]
[WhiteTeam "Bamberg-SC 2"]
[BlackTeam "Kronach 1"]

1. f4 d5 2. Nf3 c5 3. e3 Nc6 4. b3 Nf6 5. Bb2 e6 6. Bd3 a6 7. O-O b5 8. a4 b4
9. Ne5 Qb6 10. f5 Be7 11. fxe6 Bxe6 12. Bf5 Nxe5 13. Bxe5 Bxf5 14. Rxf5 Qe6 15.
Qf1 O-O 16. Bb2 Rac8 17. Re5 Qd7 18. Qxa6 Ng4 19. Rh5 g6 20. Rh3 Qf5 21. Qf1
Qxc2 22. Qc1 Qd3 23. Qd1 h5 24. Qxg4 Qxb3 25. Be5 Bd6 26. Bf6 Be7 27. Qf3 Bxf6
28. Qxf6 d4 29. exd4 Qb2 30. Rxh5 gxh5 31. Qg5+ 1/2-1/2

[Event "Bayern-chTT (RL Nord-West)"]
[Site "Bayern 2008/09"]
[Date "2009.01.18"]
[Round "5.8"]
[White "Schmierer, Hans-Joachim"]
[Black "Buecker, Florian"]
[Result "1-0"]
[WhiteElo "1819"]
[BlackElo "1627"]
[PlyCount "94"]
[EventDate "2009.03.??"]
[EventType "team-tourn"]
[EventRounds "9"]
[WhiteTeam "Kronach 1"]
[BlackTeam "Bamberg-SC 2"]

1. Nf3 d5 2. g3 Nf6 3. Bg2 g6 4. d3 Bg7 5. Nbd2 Nbd7 6. c4 e5 7. cxd5 Nxd5 8.
Nc4 O-O 9. Bg5 f6 10. Bd2 N7b6 11. Nxb6 Nxb6 12. h4 Be6 13. h5 Rb8 14. hxg6
hxg6 15. Bh6 Qe7 16. Qd2 g5 17. b3 Rfd8 18. Bxg7 Qxg7 19. Qa5 a6 20. Nd2 Nd5
21. Rc1 c6 22. Ne4 Rf8 23. Qd2 Rbd8 24. Rh5 Bg4 25. Rh2 Kf7 26. f3 Bc8 27. Kf2
Rh8 28. Rch1 Rxh2 29. Rxh2 Rh8 30. Nd6+ Ke7 31. Nxc8+ Rxc8 32. Qc1 Rh8 33. Qc5+
Ke8 34. Rxh8+ Qxh8 35. Qa7 Kf7 36. Qxb7+ Ne7 37. Qxa6 Qd8 38. Qc4+ Kg7 39. Qc5
Qd7 40. a4 Qc7 41. b4 f5 42. b5 f4 43. gxf4 gxf4 44. b6 Qb8 45. Qxe7+ Kg6 46.
Qe6+ Kh5 47. a5 Qh8 1-0

[Event "Bayern-chTT (RL Nord-West)"]
[Site "Bayern 2008/09"]
[Date "2009.01.18"]
[Round "5.1"]
[White "Wilfert, Andre"]
[Black "Dobrovolsky, Ladislav"]
[Result "0-1"]
[WhiteElo "2009"]
[BlackElo "2399"]
[PlyCount "50"]
[EventDate "2009.03.??"]
[EventType "team-tourn"]
[EventRounds "9"]
[WhiteTeam "Marktleuthen 1"]
[BlackTeam "Obernau 1"]

1. e4 c5 2. Nf3 e6 3. d4 cxd4 4. Nxd4 a6 5. Be2 Nf6 6. Nc3 Qc7 7. O-O Nc6 8.
Be3 b5 9. Nxc6 dxc6 10. a3 e5 11. f4 Bd6 12. Qd2 exf4 13. Bxf4 Bxf4 14. Rxf4
O-O 15. Raf1 Qe5 16. R1f3 Be6 17. Bd3 Nd7 18. b3 Qd4+ 19. Kh1 Ne5 20. Rg3 Ng6
21. Rff3 Rad8 22. Ne2 Qa1+ 23. Ng1 Qxa3 24. Nh3 c5 25. Ng5 Qa1+ 0-1

[Event "Bayern-chTT (RL Nord-West)"]
[Site "Bayern 2008/09"]
[Date "2009.01.18"]
[Round "5.2"]
[White "Kaminsky, Rudolf"]
[Black "Kirschneck, Toralf"]
[Result "1/2-1/2"]
[WhiteElo "2203"]
[BlackElo "2050"]
[PlyCount "68"]
[EventDate "2009.03.??"]
[EventType "team-tourn"]
[EventRounds "9"]
[WhiteTeam "Obernau 1"]
[BlackTeam "Marktleuthen 1"]

1. d4 Nf6 2. Nf3 d5 3. Bg5 Ne4 4. Bh4 h6 5. e3 Qd6 6. c3 g5 7. Bg3 Nxg3 8. hxg3
Bg7 9. Bd3 Bg4 10. Nbd2 Nd7 11. Qc2 Bxf3 12. gxf3 O-O-O 13. g4 Kb8 14. O-O-O c5
15. dxc5 Nxc5 16. Nb3 Nxb3+ 17. Qxb3 Rc8 18. Kb1 Rhd8 19. e4 Qf4 20. exd5 Rd6
21. Qb4 Qxf3 22. Qe4 Qf6 23. Qf5 Rc5 24. Qxf6 Rxf6 25. Rhe1 Rxf2 26. Rxe7 Rxd5
27. Rxb7+ Kxb7 28. Be4 Rf4 29. Bxd5+ Kc7 30. Kc2 Rxg4 31. Bxf7 Rg2+ 32. Rd2
Rxd2+ 33. Kxd2 Kd6 34. Ke3 Be5 1/2-1/2

[Event "Bayern-chTT (RL Nord-West)"]
[Site "Bayern 2008/09"]
[Date "2009.01.18"]
[Round "5.3"]
[White "Nuernberger, Stefan"]
[Black "Scherer, Ralf"]
[Result "1/2-1/2"]
[WhiteElo "2051"]
[BlackElo "2120"]
[PlyCount "63"]
[EventDate "2009.03.??"]
[EventType "team-tourn"]
[EventRounds "9"]
[WhiteTeam "Marktleuthen 1"]
[BlackTeam "Obernau 1"]

1. d4 d6 2. Nf3 g6 3. Bf4 Bg7 4. e3 Nf6 5. Be2 O-O 6. c4 Nh5 7. Bg5 h6 8. Bh4
g5 9. Bg3 Nc6 10. Nc3 Nxg3 11. hxg3 e5 12. dxe5 dxe5 13. Qxd8 Rxd8 14. Nd5 Rd7
15. Rd1 Kf8 16. b3 f5 17. Nd2 Ne7 18. e4 Nxd5 19. cxd5 Re7 20. Bd3 f4 21. f3
Bd7 22. g4 a5 23. a4 Kf7 24. Ke2 Ree8 25. Rc1 Rec8 26. Rc2 Bf8 27. Nc4 Kf6 28.
Rhc1 Rcb8 29. Nd2 Bd6 30. Nc4 Bf8 31. Nd2 Bd6 32. Nc4 1/2-1/2

[Event "Bayern-chTT (RL Nord-West)"]
[Site "Bayern 2008/09"]
[Date "2009.01.18"]
[Round "5.4"]
[White "Frey, Michael(77)"]
[Black "Kuespert, Helmut"]
[Result "1-0"]
[WhiteElo "2059"]
[BlackElo "1939"]
[PlyCount "65"]
[EventDate "2009.03.??"]
[EventType "team-tourn"]
[EventRounds "9"]
[WhiteTeam "Obernau 1"]
[BlackTeam "Marktleuthen 1"]

1. e4 c5 2. Nc3 e6 3. g3 b6 4. Bg2 Bb7 5. d3 d6 6. Be3 Nd7 7. Qd2 Ngf6 8. h3 a6
9. O-O-O Qc7 10. f4 b5 11. g4 b4 12. Nce2 a5 13. g5 Ng8 14. d4 Nb6 15. Ng3 Nc4
16. Qe1 Nxe3 17. Qxe3 cxd4 18. Qxd4 Rc8 19. Rd2 e5 20. Qf2 exf4 21. Qxf4 g6 22.
Nf3 h6 23. Rf1 hxg5 24. Nxg5 Nh6 25. Rdf2 Bg7 26. Nxf7 Nxf7 27. Qxf7+ Qxf7 28.
Rxf7 Bh6+ 29. Kd1 Ba6 30. R1f3 Bc4 31. Ra7 Bxa2 32. Bf1 Bb1 33. Bb5+ 1-0

[Event "Bayern-chTT (RL Nord-West)"]
[Site "Bayern 2008/09"]
[Date "2009.01.18"]
[Round "5.5"]
[White "Lichtinger, Bernd"]
[Black "Schmitt, Dieter(54)"]
[Result "1-0"]
[WhiteElo "1997"]
[BlackElo "1950"]
[PlyCount "93"]
[EventDate "2009.03.??"]
[EventType "team-tourn"]
[EventRounds "9"]
[WhiteTeam "Marktleuthen 1"]
[BlackTeam "Obernau 1"]

1. e4 g6 2. d4 Bg7 3. Nf3 d6 4. Bc4 Nc6 5. h3 e5 6. Bg5 Nge7 7. c3 O-O 8. O-O
h6 9. Be3 exd4 10. cxd4 b6 11. Nc3 Kh7 12. d5 Ne5 13. Nxe5 dxe5 14. Qd2 g5 15.
Rfd1 Ng6 16. f3 f5 17. Rac1 Nh4 18. Be2 Bd7 19. Nb5 fxe4 20. fxe4 Bxh3 21. gxh3
Qd7 22. Bg4 Qxb5 23. Bf2 Nf3+ 24. Bxf3 Rxf3 25. Kg2 Raf8 26. Bg3 R8f7 27. Rc3
Rf1 28. Rxf1 Qxf1+ 29. Kh2 h5 30. Rc1 Qf6 31. Rc6 Qf3 32. Qg2 Qd1 33. Qc2 Qf3
34. Qg2 Qd3 35. Rc3 Qd4 36. Qe2 h4 37. Be1 Kg6 38. Rc6+ Kh7 39. Qh5+ Kg8 40.
Qe2 Rf4 41. Rc4 c5 42. Rxd4 exd4 43. Bd2 Be5 44. Bxf4 Bxf4+ 45. Kg2 Kg7 46. Kf3
Kf7 47. e5 1-0

[Event "Bayern-chTT (RL Nord-West)"]
[Site "Bayern 2008/09"]
[Date "2009.01.18"]
[Round "5.6"]
[White "Frankenberger, Ralf"]
[Black "Deml, Tilo"]
[Result "0-1"]
[WhiteElo "1913"]
[BlackElo "1964"]
[PlyCount "72"]
[EventDate "2009.03.??"]
[EventType "team-tourn"]
[EventRounds "9"]
[WhiteTeam "Obernau 1"]
[BlackTeam "Marktleuthen 1"]

1. d4 Nf6 2. Nf3 g6 3. c4 Bg7 4. Nc3 O-O 5. Bg5 d6 6. e4 c6 7. Qd2 Qc7 8. Be2
e5 9. d5 cxd5 10. Bxf6 Bxf6 11. Nxd5 Qd8 12. Nxf6+ Qxf6 13. Rd1 Rd8 14. O-O Nc6
15. h3 Be6 16. b3 Qe7 17. Ne1 f5 18. f3 f4 19. Nc2 a5 20. Qc3 g5 21. Rd3 h5 22.
Rfd1 Kh7 23. Qd2 Rg8 24. Rxd6 Nd4 25. c5 Nxe2+ 26. Qxe2 g4 27. hxg4 hxg4 28.
Kf1 gxf3 29. Qxf3 Bg4 30. Qd3 Qh4 31. Qd5 Qh1+ 32. Kf2 Bxd1 33. Qxb7+ Kh8 34.
Ne1 Qh4+ 35. Kf1 Rad8 36. Qe7 Qxe7 0-1

[Event "Bayern-chTT (RL Nord-West)"]
[Site "Bayern 2008/09"]
[Date "2009.01.18"]
[Round "5.7"]
[White "Mokry, David"]
[Black "Thomele, Michael"]
[Result "1-0"]
[WhiteElo "1522"]
[BlackElo "1890"]
[PlyCount "84"]
[EventDate "2009.03.??"]
[EventType "team-tourn"]
[EventRounds "9"]
[WhiteTeam "Marktleuthen 1"]
[BlackTeam "Obernau 1"]

1. d4 Nf6 2. Nf3 e6 3. e3 b6 4. Be2 Bb7 5. O-O Be7 6. c4 O-O 7. Nc3 d6 8. h3
Nbd7 9. Nh2 e5 10. d5 Ne8 11. f4 f5 12. e4 fxe4 13. Nxe4 Ndf6 14. Ng5 Bc8 15.
Qc2 h6 16. Ne4 Nxe4 17. Qxe4 Bf5 18. Qe3 e4 19. Bg4 g6 20. Bd1 Kg7 21. g4 Bd7
22. Qxe4 Nf6 23. Qd3 Qe8 24. Re1 Qf7 25. Bc2 Rae8 26. Nf3 Ng8 27. Bd2 Bf6 28.
Nd4 Bxd4+ 29. Qxd4+ Qf6 30. Bc3 Qxd4+ 31. Bxd4+ Kh7 32. Rxe8 Rxe8 33. Kf2 Rf8
34. Kg3 Ne7 35. Re1 Rf7 36. Bf6 Ng8 37. Bd8 c6 38. dxc6 Bxc6 39. Re6 Kg7 40.
Rxg6+ Kf8 41. Rxd6 Bh1 42. Bf5 Rb7 1-0

[Event "Bayern-chTT (RL Nord-West)"]
[Site "Bayern 2008/09"]
[Date "2009.01.18"]
[Round "5.8"]
[White "Becker, Thomas(60)"]
[Black "Kuespert, Sven"]
[Result "1/2-1/2"]
[WhiteElo "1806"]
[BlackElo "1737"]
[PlyCount "42"]
[EventDate "2009.03.??"]
[EventType "team-tourn"]
[EventRounds "9"]
[WhiteTeam "Obernau 1"]
[BlackTeam "Marktleuthen 1"]

1. e4 c6 2. d4 d5 3. Nc3 dxe4 4. Nxe4 Nd7 5. Nf3 Ngf6 6. Ng3 e6 7. Bf4 Be7 8.
Bd3 O-O 9. O-O b6 10. Ne5 Bb7 11. Re1 c5 12. Nxd7 Qxd7 13. dxc5 Bxc5 14. Ne4
Nxe4 15. Bxe4 Qxd1 16. Raxd1 Bxe4 17. Rxe4 Rfd8 18. Ree1 Rac8 19. c3 b5 20. Kf1
Kf8 21. Ke2 a6 1/2-1/2

[Event "Bayern-chTT (RL Nord-West)"]
[Site "Bayern 2008/09"]
[Date "2009.01.18"]
[Round "5.1"]
[White "Helbig, Uwe"]
[Black "Schindler, Viktor(58)"]
[Result "1-0"]
[WhiteElo "2224"]
[BlackElo "2161"]
[PlyCount "119"]
[EventDate "2009.03.??"]
[EventType "team-tourn"]
[EventRounds "9"]
[WhiteTeam "Bindlach 2"]
[BlackTeam "Hof 1"]

1. d4 Nf6 2. Bg5 g6 3. Bxf6 exf6 4. e3 Bg7 5. Bd3 f5 6. Qf3 Nc6 7. c3 b6 8. Ne2
Bb7 9. Nf4 Qh4 10. Nd2 O-O 11. g3 Qd8 12. Rg1 Rb8 13. Qe2 Ne7 14. g4 fxg4 15.
Qxg4 Nd5 16. h4 Nxf4 17. Qxf4 Qf6 18. Qxc7 Qxh4 19. Qxd7 Qh5 20. Qg4 Qa5 21.
Qg5 f5 22. Bc4+ Kh8 23. f3 b5 24. Bb3 Qd8 25. Ke2 Qxg5 26. Rxg5 Bh6 27. Rgg1
Rbe8 28. Nf1 Bxe3 29. Nxe3 f4 30. d5 Rxe3+ 31. Kf2 Rfe8 32. Rgd1 Re2+ 33. Kg1
Bc8 34. d6 Bd7 35. Rd3 g5 36. Rd5 h6 37. Rf1 Rxb2 38. Rf2 Re1+ 39. Kg2 Rbb1 40.
Rfd2 Rg1+ 41. Kf2 Rbf1+ 42. Ke2 Re1+ 43. Kd3 Re3+ 44. Kd4 Rge1 45. Rc5 Re8 46.
Rc7 Rd8 47. Rh2 Kg7 48. Bd5 Kg6 49. Be4+ Rxe4+ 50. Kxe4 h5 51. Ke5 Re8+ 52. Kd4
Bf5 53. Rd2 g4 54. Re7 Rd8 55. Ke5 Kg5 56. Rg7+ Bg6 57. d7 gxf3 58. Rd6 f2 59.
Rgxg6+ Kh4 60. Rd1 1-0

[Event "Bayern-chTT (RL Nord-West)"]
[Site "Bayern 2008/09"]
[Date "2009.01.18"]
[Round "5.2"]
[White "Hertel, Hans"]
[Black "Oehrlein, Alexander"]
[Result "1-0"]
[WhiteElo "2070"]
[BlackElo "2076"]
[PlyCount "127"]
[EventDate "2009.03.??"]
[EventType "team-tourn"]
[EventRounds "9"]
[WhiteTeam "Hof 1"]
[BlackTeam "Bindlach 2"]

1. d4 Nf6 2. Bg5 g6 3. Nd2 d5 4. e3 Bg7 5. Bd3 O-O 6. f4 c5 7. c3 c4 8. Bc2 b5
9. Ngf3 Ng4 10. Qe2 f5 11. O-O Bb7 12. a4 a6 13. axb5 axb5 14. Rxa8 Bxa8 15.
Ra1 Nc6 16. b4 Qc7 17. h3 Nh6 18. Qe1 Nf7 19. Ra3 Bb7 20. Qa1 Qd7 21. Bh4 Bf6
22. Bg3 h6 23. Qb1 Nd6 24. Ne5 Bxe5 25. fxe5 Ne8 26. Qe1 Ng7 27. Nf3 e6 28. Bh2
g5 29. Ra2 Qd8 30. Bb1 Ne7 31. Qc1 Bc6 32. Qa3 Nc8 33. Bg3 Nh5 34. Bf2 f4 35.
Qb2 Be8 36. Qc2 Qe7 37. Ra6 fxe3 38. Bxe3 Nf4 39. Bxf4 Rxf4 40. Nh2 h5 41. g3
Rf5 42. Rxe6 Qxe6 43. Qxf5 Qxf5 44. Bxf5 Nb6 45. Nf3 Na4 46. Nxg5 Nxc3 47. Kf2
Na2 48. Be6+ Kg7 49. Bxd5 c3 50. Bb3 Kh6 51. Ne4 Bg6 52. Ke3 Bxe4 53. Kxe4 Kg7
54. Kd3 Nxb4+ 55. Kxc3 Nc6 56. Bd5 Ne7 57. Be4 h4 58. g4 Kf7 59. d5 Nc8 60. Kb4
Na7 61. Kc5 Ke7 62. Kb6 Nc8+ 63. Kc7 b4 64. d6+ 1-0

[Event "Bayern-chTT (RL Nord-West)"]
[Site "Bayern 2008/09"]
[Date "2009.01.18"]
[Round "5.3"]
[White "Pesch, Werner ProfDr"]
[Black "Shashkin, Igor"]
[Result "1-0"]
[WhiteElo "2173"]
[BlackElo "2035"]
[PlyCount "109"]
[EventDate "2009.03.??"]
[EventType "team-tourn"]
[EventRounds "9"]
[WhiteTeam "Bindlach 2"]
[BlackTeam "Hof 1"]

1. e4 c5 2. Nf3 Nf6 3. e5 Nd5 4. d4 cxd4 5. Qxd4 e6 6. Bc4 Nc6 7. Qe4 Nb6 8.
Bb3 d6 9. O-O dxe5 10. Nxe5 Nxe5 11. Qxe5 Qf6 12. Qxf6 gxf6 13. a4 Nd7 14. Nc3
Bd6 15. Rd1 Ke7 16. Nb5 Bb8 17. Bd2 a5 18. Be3 b6 19. Rd2 Nc5 20. Rad1 f5 21.
g3 h5 22. Nd4 f6 23. Nc6+ Kf7 24. Nxb8 Rxb8 25. Rd6 h4 26. Bxc5 bxc5 27. Rc6
hxg3 28. hxg3 Rb4 29. Rxc5 f4 30. Rxa5 fxg3 31. Ra7+ Kg6 32. fxg3 Re4 33. Rf1
Rd8 34. Rf2 Re3 35. g4 Rd1+ 36. Kg2 Bd7 37. Rc7 Rd6 38. c3 Re1 39. Bc4 Bc6+ 40.
Rxc6 Rxc6 41. Be2 Ra1 42. Bb5 Rd6 43. Rc2 Kg5 44. c4 Rd4 45. c5 Rxg4+ 46. Kf3
Rag1 47. Be2 Rf4+ 48. Ke3 Rg3+ 49. Kd2 Rd4+ 50. Ke1 Rd7 51. c6 Rc7 52. b4 e5
53. b5 e4 54. b6 Rh7 55. Kd2 1-0

[Event "Bayern-chTT (RL Nord-West)"]
[Site "Bayern 2008/09"]
[Date "2009.01.18"]
[Round "5.4"]
[White "Seidel, Michael ProfDr(68)"]
[Black "Heimerdinger, Joerg"]
[Result "1-0"]
[WhiteElo "2012"]
[BlackElo "2022"]
[PlyCount "78"]
[EventDate "2009.03.??"]
[EventType "team-tourn"]
[EventRounds "9"]
[WhiteTeam "Hof 1"]
[BlackTeam "Bindlach 2"]

1. e4 e6 2. d4 d5 3. e5 c5 4. Nf3 cxd4 5. Bd3 Nc6 6. O-O f6 7. Qe2 fxe5 8. Nxe5
Nf6 9. Nd2 Bd6 10. Ndf3 Nxe5 11. Nxe5 O-O 12. Bg5 Qc7 13. f4 Bd7 14. Rae1 Rae8
15. Rf3 Bc6 16. Rh3 Bxe5 17. fxe5 Ne4 18. Qh5 g6 19. Qh4 Rf5 20. Bf6 Rh5 21.
Qg4 Rxh3 22. gxh3 Qf7 23. Rf1 Rf8 24. h4 h5 25. Qd1 Qd7 26. Qc1 Kh7 27. Qd1 a6
28. h3 Bb5 29. Bg5 Rxf1+ 30. Qxf1 Bxd3 31. cxd3 Ng3 32. Qf8 Qg7 33. Qb8 Nf5 34.
Bf6 Qg8 35. Qxb7+ Ng7 36. b4 Qf8 37. a4 Kg8 38. Qxg7+ Qxg7 39. Bxg7 Kxg7 1-0

[Event "Bayern-chTT (RL Nord-West)"]
[Site "Bayern 2008/09"]
[Date "2009.01.18"]
[Round "5.5"]
[White "Tiller, Jaroslav"]
[Black "Verlatov, Artjom"]
[Result "1-0"]
[WhiteElo "2051"]
[BlackElo "2043"]
[PlyCount "83"]
[EventDate "2009.03.??"]
[EventType "team-tourn"]
[EventRounds "9"]
[WhiteTeam "Bindlach 2"]
[BlackTeam "Hof 1"]

1. d4 f5 2. Bg5 g6 3. e3 Bg7 4. Nf3 Nf6 5. Nbd2 d6 6. Bc4 Nbd7 7. Qe2 c6 8. Bb3
h6 9. Bxf6 Nxf6 10. Nh4 g5 11. Ng6 Rh7 12. h4 g4 13. h5 d5 14. f3 Qd6 15. Ne5
Nd7 16. f4 Nxe5 17. fxe5 Qd8 18. Nf1 e6 19. Ng3 Qg5 20. Qf2 Bf8 21. Ne2 a5 22.
c3 b5 23. a3 Rc7 24. Nf4 Bd7 25. g3 c5 26. O-O c4 27. Bc2 Rb8 28. Rfc1 b4 29.
axb4 axb4 30. Ba4 Qe7 31. Bxd7+ Qxd7 32. Ra6 Rc6 33. Rca1 Kf7 34. Qc2 b3 35.
Qb1 Rcb6 36. Rxb6 Rxb6 37. Ra8 Be7 38. Kf2 Rb7 39. Qa1 Kg7 40. Qa6 Kf7 41. Nxe6
Qb5 42. Nd8+ 1-0